Revival of Bharat : (Record no. 173589)

MARC details
000 -LEADER
fixed length control field 00603nam a22001817a 4500
005 - DATE AND TIME OF LATEST TRANSACTION
control field 20200303124759.0
010 ## - LCCN (DPL NO)
LC control number ENG-127950
020 ## - INTERNATIONAL STANDARD BOOK NUMBER
International Standard Book Number 9789389807752
Terms of availability 295.00
035 ## - SYSTEM CONTROL NUMBER
System control number EN-111482
037 ## - SOURCE OF ACQUISITION
Source of stock number/acquisition DBAD/PUB
082 ## - DEWEY DECIMAL CLASSIFICATION NUMBER
Classification number 954
100 ## - MAIN ENTRY--PERSONAL NAME
Personal name Bharat,Anirudh Singh
245 ## - TITLE STATEMENT
Title Revival of Bharat :
Statement of responsibility, etc by Anirudh Singh Bharat
Remainder of title a scientific civilization and its relevancy in present time/
260 ## - PUBLICATION, DISTRIBUTION, ETC. (IMPRINT)
Place of publication, distribution, etc New Delhi
Name of publisher, distributor, etc Diamond Books
Date of publication, distribution, etc 2020
270 ## - ADDRESS
Address x-30,Okhla Industrial Area, Phase-II
City New Delhi
Postal code 110032
Electronic mail address Sales@dpb.in
300 ## - PHYSICAL DESCRIPTION
Extent 214p.
Dimensions 22cm(hb)
942 ## - ADDED ENTRY ELEMENTS (KOHA)
Source of classification or shelving scheme Dewey Decimal Classification
Item type English Books
Classification part 954
Call number suffix BHA
Holdings
Withdrawn status Lost status Not for loan Collection code Home library Current library Date acquired Source of acquisition Cost, normal purchase price Full call number Barcode Copy number Cost, replacement price Koha item type
      Non-fiction Central Library Central Library 03/03/2020 DBAD/PUB 295.00 954 BHA EN-111482 1 295.00 English Books

© Delhi Public Library
Hit Counter
free hit counter